01299nam a2200265 a 4500001001000000003000900010005001700019007000300036008004100039040002500080082002200105245012200127260003600249300003700285590002600322650008300348700004000431710009400471910003800565942001400603952012900617952013500746952013500881999001701016000031441DO-SdBNP20220810141156.0ta110622s2011 dr d r 000 0 spa d aDO-SdBNPbspacBNPHU 4a378.021bI43g22200aInforme general sobre estadísticas de educación superior 2006-2009 /cpresentación Ligia Amada Melo de Cardona. aSanto Domingo :bMESCyT,c2011. axii, 559 p. :bgráf. ;c27 cm. aInventariado, 2018/BT 4aEducación superiorzRepública DominicanaxEstadísticasy2006-20099578471 aMelo de Cardona, Ligia Amada9271741 aRepública Dominicana. Ministerio de Educación Superior, Ciencia y Tecnología956809 aValidado. Control de calidad. MFF 2ddccLBS1 00102ddc51708PDaBNPHUbBNPHUcHDd2011-06-22eDonaciónoBNPHU PD 378.021 I43gp31441-10r2020-06-25w2020-06-25yLBS1 00102ddc51708PDaBNPHUbBNPHUcHDd2018-10-26eDonaciónoBNPHU PD 378.021 I43gp31441-20r2020-06-25te. 2w2020-06-25yLBS1 00102ddc56708DSaBNPHUbBNPHUcHDd2022-05-18eDonaciónoBNPHU DS 378.021 I43gp2022-2210r2022-05-18te.3w2022-05-18yLBS1 c30933d30933